[Event "Isle of Wight International"]
[Site "Ryde"]
[Date "2025.02.23"]
[Round "9.3"]
[White "Plat, Vojtech"]
[Black "Beerdsen, Thomas"]
[Result "1/2-1/2"]
[WhiteElo "2459"]
[BlackElo "2511"]
[PlyCount "29"]
[EventDate "2025.02.18"]
[EventType "swiss"]
[EventRounds "9"]
[EventCountry "ENG"]
[SourceTitle "BritBase"]
[Source "John Saunders"]
[SourceDate "2025.02.21"]
[SourceVersion "1"]
[SourceVersionDate "2025.02.21"]
[SourceQuality "1"]

1. d4 Nf6 2. Nf3 e6 3. e3 c5 4. Bd3 Nc6 5. O-O d5 6. b3 Be7 7. Bb2 O-O 8. Nbd2 b6 9. c4 dxc4 10. Nxc4 Bb7 11. dxc5 Bxc5 12. Qe2 Qd5 13. Nce5 Nxe5 14. Bxe5 Be7 15. Ba6 1/2-1/2

[Event "Isle of Wight International"]
[Site "Ryde"]
[Date "2025.02.23"]
[Round "9.4"]
[White "Gormally, Daniel W"]
[Black "Chatalbashev, Boris"]
[Result "0-1"]
[WhiteElo "2435"]
[BlackElo "2489"]
[PlyCount "118"]
[EventDate "2025.02.18"]
[EventType "swiss"]
[EventRounds "9"]
[EventCountry "ENG"]
[SourceTitle "BritBase"]
[Source "John Saunders"]
[SourceDate "2025.02.21"]
[SourceVersion "1"]
[SourceVersionDate "2025.02.21"]
[SourceQuality "1"]

1. e4 c5 2. Nf3 Nc6 3. Bb5 g6 4. O-O Bg7 5. c3 Nf6 6. Re1 O-O 7. d4 d5 8. e5 Ne4 9. h3 Qb6 10. Bf1 cxd4 11. cxd4 Bf5 12. g4 Be6 13. Nc3 Rac8 14. Be3 Qxb2 15. Nxe4 dxe4 16. Ng5 Bd5 17. Bg2 Rfd8 18. Re2 Qa3 19. Rd2 Na5 20. Nxe4 Nc4 21. Rd3 Qa6 22. Qe2 b5 23. Bf4 b4 24. Rb1 Na3 25. Rxb4 Nc2 26. Rb2 Bc4 27. Rxc2 Bxd3 28. Rxc8 Rxc8 29. Qe3 Bxe4 30. Qxe4 e6 31. Qb1 Qb6 32. Qe4 Rb8 33. Kh2 Qb2 34. Be3 Qxa2 35. Qc6 Qb2 36. Be4 a5 37. Kg2 Qb5 38. Qc7 Qb6 39. Qc2 Qb2 40. Qc6 Qb4 41. Bf3 a4 42. d5 a3 43. dxe6 a2 44. exf7+ Kh8 45. Qa6 Qb2 46. e6 a1=Q 47. Qxa1 Qxa1 48. e7 Qe5 49. Bc5 Qxc5 50. e8=Q+ Qf8 51. Bc6 Bb2 52. Qe6 Kg7 53. Bd5 Rd8 54. Bb3 Bf6 55. Qe3 Qe7 56. Qf3 Rd2 57. Qf4 Qd6 58. f8=Q+ Kxf8 59. Qh6+ Bg7 0-1

[Event "Isle of Wight International"]
[Site "Ryde"]
[Date "2025.02.23"]
[Round "9.5"]
[White "Prado, Alexandra"]
[Black "Maton, Emily"]
[Result "1/2-1/2"]
[WhiteElo "1938"]
[BlackElo "1886"]
[PlyCount "200"]
[EventDate "2025.02.18"]
[EventType "swiss"]
[EventRounds "9"]
[EventCountry "ENG"]
[SourceTitle "BritBase"]
[Source "John Saunders"]
[SourceDate "2025.02.21"]
[SourceVersion "1"]
[SourceVersionDate "2025.02.21"]
[SourceQuality "1"]

1. e4 c5 2. Nc3 e6 3. g3 Nc6 4. Bg2 Nf6 5. f4 d5 6. e5 Ng8 7. d3 h5 8. Nf3 Nh6 9. b3 b5 10. Bd2 a6 11. Qe2 Nf5 12. Qf2 h4 13. Rc1 Ncd4 14. Ne2 Nxe2 15. Kxe2 h3 16. Bf1 Be7 17. g4 Nd4+ 18. Nxd4 cxd4 19. Qxd4 Ba3 20. Rd1 Rh4 21. Rg1 Qc7 22. Qf2 Rh8 23. c3 b4 24. c4 dxc4 25. dxc4 Bb7 26. Rg3 O-O-O 27. Bxh3 Be4 28. Qe3 Bc2 29. Re1 Bd3+ 30. Kf2 Bc2 31. Kg1 Bb2 32. Qf2 Bd3 33. Bg2 Bg6 34. Be4 Bxe4 35. Rxe4 Qc6 36. Re1 Bd4 37. Be3 Bc3 38. Rc1 Rd3 39. Qg2 Qxg2+ 40. Kxg2 Bd2 41. Rd1 Rhd8 42. Bb6 Rxg3+ 43. hxg3 Rd7 44. Bc5 Bc3 45. Rxd7 Kxd7 46. Bf8 g6 47. Kf3 Be1 48. Bc5 Kc6 49. Bf2 Bc3 50. Ke4 Kd7 51. f5 Bd2 52. fxg6 fxg6 53. Be3 Be1 54. Kf3 Bc3 55. Bf4 Ke7 56. Ke4 Kd7 57. Be3 Be1 58. Bf4 Bc3 59. Kd3 Be1 60. Kc2 Kc6 61. Kd1 Bc3 62. Ke2 Kd7 63. Kf2 Ke8 64. Kf3 Kd7 65. Ke4 Be1 66. Kd4 Kc6 67. Bg5 Bxg3 68. Bd2 a5 69. Bg5 Bf2+ 70. Ke4 Bb6 71. Be7 Kd7 72. Bd6 Bd8 73. Kd4 Kc6 74. Bf8 Bb6+ 75. Ke4 Bd8 76. Kf4 Bh4 77. Bg7 g5+ 78. Ke4 Kd7 79. Bf6 Kc7 80. Be7 Kd7 81. Bc5 Kc6 82. Be3 Kc7 83. Bd2 Kc6 84. Kf3 Kc7 85. Be3 Kb7 86. Bf2 Bxf2 87. Kxf2 Kc6 88. Ke3 Kc5 89. Kd3 Kc6 90. Kd4 Kb6 91. c5+ Kb5 92. c6 Kxc6 93. Kc4 Kb6 94. Kd3 Kc5 95. Ke4 Kc6 96. Kd4 Kb5 97. Kd3 Kc5 98. Ke4 Kc6 99. Kd4 Kb5 100. Kd3 Kc5 1/2-1/2

[Event "Isle of Wight International"]
[Site "Ryde"]
[Date "2025.02.23"]
[Round "9.6"]
[White "Ghasi, Ameet K"]
[Black "Badacsonyi, Stanley"]
[Result "1-0"]
[WhiteElo "2506"]
[BlackElo "2307"]
[PlyCount "127"]
[EventDate "2025.02.18"]
[EventType "swiss"]
[EventRounds "9"]
[EventCountry "ENG"]
[SourceTitle "BritBase"]
[Source "John Saunders"]
[SourceDate "2025.02.21"]
[SourceVersion "1"]
[SourceVersionDate "2025.02.21"]
[SourceQuality "1"]

1. Nf3 Nf6 2. g3 g6 3. Bg2 Bg7 4. O-O O-O 5. d3 d6 6. e4 c5 7. h3 Nc6 8. Nc3 h6 9. Be3 e5 10. Qd2 Kh7 11. Nh2 Nh5 12. Rae1 Be6 13. Nd5 Bxd5 14. exd5 Ne7 15. g4 Nf4 16. Bxf4 exf4 17. c3 g5 18. h4 Ng6 19. Be4 Kg8 20. Bxg6 fxg6 21. Re6 gxh4 22. Rxg6 Rf6 23. Rxf6 Qxf6 24. Qe2 Qf7 25. Re1 Qxd5 26. Qe6+ Qxe6 27. Rxe6 Kf7 28. Rxd6 Re8 29. Kf1 Bf6 30. Nf3 Rg8 31. Rd7+ Ke6 32. Rxb7 Rxg4 33. Rxa7 Rg8 34. Ra5 Rb8 35. b3 Rc8 36. c4 Kf5 37. Nh2 Bc3 38. Ra6 Bf6 39. Rd6 Ra8 40. Rd5+ Kg6 41. Rxc5 Rxa2 42. Ng4 Bg5 43. Kg2 Kh5 44. Nf6+ Kg6 45. Ne4 Kh5 46. Kh3 Ra1 47. Nf6+ Kg6 48. Ng4 Kh5 49. Ne5 Ra2 50. Kg2 h3+ 51. Kxh3 Rxf2 52. b4 Re2 53. b5 Re3+ 54. Kg2 Kh4 55. b6 Rg3+ 56. Kf2 Kh3 57. b7 Bh4 58. Ke2 f3+ 59. Nxf3 Rg2+ 60. Ke3 Bf2+ 61. Ke4 Bg3 62. Ne5 Re2+ 63. Kf5 Rf2+ 64. Ke6 1-0

[Event "Isle of Wight International"]
[Site "Ryde"]
[Date "2025.02.23"]
[Round "9.7"]
[White "Camacho Collados, Marcos"]
[Black "Golding, Alex"]
[Result "1-0"]
[WhiteElo "2459"]
[BlackElo "2365"]
[PlyCount "99"]
[EventDate "2025.02.18"]
[EventType "swiss"]
[EventRounds "9"]
[EventCountry "ENG"]
[SourceTitle "BritBase"]
[Source "John Saunders"]
[SourceDate "2025.02.21"]
[SourceVersion "1"]
[SourceVersionDate "2025.02.21"]
[SourceQuality "1"]

1. d4 Nf6 2. Bg5 d5 3. e3 Nbd7 4. Nf3 e6 5. Nbd2 Be7 6. Bd3 b6 7. h4 Bb7 8. c3 Ne4 9. Bf4 Bd6 10. Qc2 Nxd2 11. Qxd2 Qe7 12. Ne5 Bxe5 13. dxe5 Nc5 14. Bb5+ c6 15. Be2 Ba6 16. Bxa6 Nxa6 17. b4 Nc7 18. a4 a5 19. h5 h6 20. O-O O-O 21. Rfb1 Rfb8 22. b5 cxb5 23. axb5 Qc5 24. e4 Qc4 25. Re1 Kh7 26. exd5 Nxd5 27. Qc2+ Kg8 28. Bd2 Qg4 29. c4 Rc8 30. Re4 Qxh5 31. Ra3 Nb4 32. Qc1 Rd8 33. Rh3 Qf5 34. Bxh6 Rd3 35. Rhh4 Rad8 36. Qg5 Qg6 37. Reg4 Qxg5 38. Bxg5 f5 39. exf6 R8d7 40. Bh6 e5 41. Bxg7 Kf7 42. Rh8 Rd1+ 43. Kh2 Rd8 44. Rh7 Ke6 45. f7 Kxf7 46. Bxe5+ Ke6 47. Bc7 R8d4 48. Rxd4 Rxd4 49. Bxb6 Rxc4 50. Bxa5 1-0

[Event "Isle of Wight International"]
[Site "Ryde"]
[Date "2025.02.23"]
[Round "9.8"]
[White "Roberson, Peter T"]
[Black "Willow, Jonah B"]
[Result "1/2-1/2"]
[WhiteElo "2444"]
[BlackElo "2459"]
[PlyCount "89"]
[EventDate "2025.02.18"]
[EventType "swiss"]
[EventRounds "9"]
[EventCountry "ENG"]
[SourceTitle "BritBase"]
[Source "John Saunders"]
[SourceDate "2025.02.21"]
[SourceVersion "1"]
[SourceVersionDate "2025.02.21"]
[SourceQuality "1"]

1. e4 e5 2. Nf3 Nc6 3. Bb5 a6 4. Ba4 Nge7 5. Nc3 d6 6. O-O h6 7. Re1 g5 8. Nd5 Bg7 9. c3 O-O 10. Nxe7+ Qxe7 11. d3 Kh8 12. Be3 f5 13. exf5 Bxf5 14. d4 e4 15. Nd2 b5 16. Bc2 d5 17. f3 exf3 18. Nxf3 Qf7 19. Bf2 Rae8 20. Bxf5 Qxf5 21. Bg3 Rxe1+ 22. Qxe1 Qf7 23. Qe2 Re8 24. Qd3 Re6 25. a4 b4 26. Rf1 Qd7 27. Qf5 bxc3 28. bxc3 Kg8 29. Ne5 Nxe5 30. Bxe5 Re7 31. Bxg7 Rxg7 32. Qf8+ Kh7 33. h3 Qxa4 34. Qf5+ Kh8 35. Qc8+ Kh7 36. Rf8 Qc6 37. Qf5+ Qg6 38. Qxd5 g4 39. hxg4 Qxg4 40. Qf5+ Qxf5 41. Rxf5 Rg5 42. Rf7+ Rg7 43. Rf8 Rg8 44. Rf7+ Rg7 45. Rf8 1/2-1/2

[Event "Isle of Wight International"]
[Site "Ryde"]
[Date "2025.02.23"]
[Round "9.9"]
[White "Turner, Matthew J"]
[Black "Kreken, Eivind Grunt"]
[Result "1-0"]
[WhiteElo "2438"]
[BlackElo "2285"]
[PlyCount "89"]
[EventDate "2025.02.18"]
[EventType "swiss"]
[EventRounds "9"]
[EventCountry "ENG"]
[SourceTitle "BritBase"]
[Source "John Saunders"]
[SourceDate "2025.02.21"]
[SourceVersion "1"]
[SourceVersionDate "2025.02.21"]
[SourceQuality "1"]

1. d4 d5 2. Bg5 c5 3. e3 Nc6 4. c4 cxd4 5. exd4 h6 6. cxd5 Qxd5 7. Be3 e5 8. Nc3 Bb4 9. Nf3 exd4 10. Nxd4 Nge7 11. Qd2 Qa5 12. Bc4 O-O 13. O-O Nxd4 14. Bxd4 Nf5 15. a3 Bd6 16. Bd5 Rd8 17. Rad1 Be6 18. Bxe6 Nxd4 19. Bd5 Be5 20. Rfe1 Bf6 21. Re4 Nc6 22. Qf4 Kh8 23. Bxc6 Bxc3 24. Bd7 Bf6 25. g3 Qh5 26. Rd3 Bxb2 27. Qc7 b6 28. Bg4 Qg5 29. Rxd8+ Qxd8 30. Qxf7 Bxa3 31. Re6 Bc5 32. Bf5 Qg8 33. Qh5 Qf8 34. Qg6 Qg8 35. g4 a5 36. g5 a4 37. Qh5 Bf8 38. Kf1 a3 39. gxh6 g5 40. Qd1 a2 41. Qd4+ Bg7 42. hxg7+ Qxg7 43. Rh6+ Kg8 44. Be6+ Kf8 45. Rh8+ 1-0

[Event "Isle of Wight International"]
[Site "Ryde"]
[Date "2025.02.23"]
[Round "9.10"]
[White "Derakhshani, Borna"]
[Black "Czopor, Maciej"]
[Result "1/2-1/2"]
[WhiteElo "2355"]
[BlackElo "2409"]
[PlyCount "95"]
[EventDate "2025.02.18"]
[EventType "swiss"]
[EventRounds "9"]
[EventCountry "ENG"]
[SourceTitle "BritBase"]
[Source "John Saunders"]
[SourceDate "2025.02.21"]
[SourceVersion "1"]
[SourceVersionDate "2025.02.21"]
[SourceQuality "1"]

1. e4 e5 2. Nf3 Nc6 3. Bb5 a6 4. Ba4 Nf6 5. Bxc6 dxc6 6. d3 Bd6 7. Nbd2 O-O 8. Nf1 Re8 9. Ng3 Nd7 10. O-O Nf8 11. Nd2 Ne6 12. Nc4 f6 13. Kh1 Bf8 14. Ne2 b5 15. Na5 c5 16. a4 Bd7 17. Be3 c6 18. Nb3 Nd4 19. Nd2 Bg4 20. f3 Be6 21. Ng3 Bf7 22. f4 exf4 23. Bxf4 Qd7 24. Be3 Rad8 25. Nf3 Qb7 26. Qc1 Rd7 27. Nh4 c4 28. Bxd4 Rxd4 29. Nhf5 Rd7 30. d4 bxa4 31. c3 Rb8 32. Rxa4 Qxb2 33. Rxa6 Qxc1 34. Rxc1 g6 35. Nh4 Rd6 36. Nf3 c5 37. Rxd6 Bxd6 38. e5 fxe5 39. dxe5 Be7 40. Rd1 Rd8 41. Rxd8+ Bxd8 42. Ne4 Bd5 43. Nxc5 Ba5 44. Na4 Kf7 45. Kg1 Ke6 46. Kf2 Bxf3 47. Kxf3 Kxe5 48. Nb2 1/2-1/2

[Event "Isle of Wight International"]
[Site "Ryde"]
[Date "2025.02.23"]
[Round "9.11"]
[White "Zhou, Yang-Fan"]
[Black "Banerjee, Supratit"]
[Result "1-0"]
[WhiteElo "2427"]
[BlackElo "2264"]
[PlyCount "97"]
[EventDate "2025.02.18"]
[EventType "swiss"]
[EventRounds "9"]
[EventCountry "ENG"]
[SourceTitle "BritBase"]
[Source "John Saunders"]
[SourceDate "2025.02.21"]
[SourceVersion "1"]
[SourceVersionDate "2025.02.21"]
[SourceQuality "1"]

1. d4 Nf6 2. Nf3 g6 3. c4 Bg7 4. g3 O-O 5. Bg2 d6 6. O-O Bf5 7. Nh4 Bc8 8. Nc3 Nc6 9. Nf3 e5 10. d5 Ne7 11. e4 Ne8 12. b4 a5 13. bxa5 f5 14. a4 h6 15. Ba3 Nf6 16. Nd2 f4 17. c5 h5 18. Nb5 Ne8 19. Rc1 dxc5 20. Qb3 Kh8 21. Bxc5 g5 22. Rfd1 c6 23. dxc6 Nxc6 24. Bxf8 Bxf8 25. Qf7 Qe7 26. Qxh5+ Kg8 27. Nf3 g4 28. Ng5 Nf6 29. Qg6+ Qg7 30. Qxg7+ Kxg7 31. gxf4 exf4 32. e5 Nxe5 33. Rxc8 Rxc8 34. Bxb7 Re8 35. a6 Kg6 36. Nc7 Re7 37. Nge6 Rxc7 38. Nxc7 Bc5 39. Ne6 Ba7 40. Nxf4+ Kf5 41. Ne2 Ne4 42. Ng3+ Nxg3 43. hxg3 Ke6 44. Kg2 Kf5 45. Bc8+ Kf6 46. Rc1 Bb6 47. a5 Bd4 48. Rc7 Nf3 49. a7 1-0

[Event "Isle of Wight International"]
[Site "Ryde"]
[Date "2025.02.23"]
[Round "9.12"]
[White "Boswell, Jacob Connor"]
[Black "Vestby-Ellingsen, Mads"]
[Result "0-1"]
[WhiteElo "2214"]
[BlackElo "2406"]
[PlyCount "112"]
[EventDate "2025.02.18"]
[EventType "swiss"]
[EventRounds "9"]
[EventCountry "ENG"]
[SourceTitle "BritBase"]
[Source "John Saunders"]
[SourceDate "2025.02.21"]
[SourceVersion "1"]
[SourceVersionDate "2025.02.21"]
[SourceQuality "1"]

1. d4 Nf6 2. c4 e6 3. Nf3 Nc6 4. g3 Bb4+ 5. Nbd2 O-O 6. Bg2 d5 7. O-O b6 8. a3 Be7 9. b4 Bb7 10. Bb2 a5 11. b5 Na7 12. a4 c6 13. Ne5 Rc8 14. Rc1 Ba8 15. bxc6 Nxc6 16. Nxc6 Bxc6 17. cxd5 exd5 18. Qb3 Bb4 19. Bc3 Bxa4 20. Qxa4 Bxc3 21. Bh3 Rc7 22. Nf3 Rc4 23. Qa2 Bxd4 24. Nxd4 Rxd4 25. Rc8 Qe7 26. Rfc1 g6 27. R8c7 Qe5 28. Qa1 Re4 29. Qxe5 Rxe5 30. R1c6 Kg7 31. Rxb6 Rxe2 32. Ra6 d4 33. Rc1 Rd8 34. Rxa5 d3 35. Rd1 Ne4 36. Bf1 Nc3 37. Raa1 Nxd1 38. Rxd1 Rb2 39. Rxd3 Rxd3 40. Bxd3 f5 41. Kg2 Kf6 42. h4 Ke5 43. Kf3 Kd4 44. Ba6 Rb3+ 45. Kf4 Kd5 46. Bc8 Rb6 47. g4 Rb4+ 48. Kf3 Rxg4 49. h5 g5 50. Bd7 Ke5 51. Be8 Kf6 52. Bc6 Rc4 53. Bd7 g4+ 54. Kg3 Rc3+ 55. Kg2 Kg5 56. Be8 Rc8 0-1

[Event "Isle of Wight International"]
[Site "Ryde"]
[Date "2025.02.23"]
[Round "9.13"]
[White "Li, Harry"]
[Black "Greet, Andrew N"]
[Result "0-1"]
[WhiteElo "2204"]
[BlackElo "2398"]
[PlyCount "120"]
[EventDate "2025.02.18"]
[EventType "swiss"]
[EventRounds "9"]
[EventCountry "ENG"]
[SourceTitle "BritBase"]
[Source "John Saunders"]
[SourceDate "2025.02.21"]
[SourceVersion "1"]
[SourceVersionDate "2025.02.21"]
[SourceQuality "1"]

1. e4 c6 2. d4 d5 3. e5 Bf5 4. Nf3 e6 5. Be2 c5 6. c3 Nc6 7. O-O cxd4 8. cxd4 Nge7 9. Nc3 Bg4 10. Nh4 Bxe2 11. Nxe2 Nc8 12. Nf3 Be7 13. g3 Nb6 14. h4 h6 15. Kg2 Rc8 16. Bd2 Nc4 17. Bc3 b5 18. Rb1 b4 19. Bd2 Qb6 20. b3 Na3 21. Rc1 Kd7 22. Be3 a5 23. Ne1 Na7 24. Nd3 Rxc1 25. Nexc1 N7b5 26. h5 Qb8 27. f4 g6 28. hxg6 fxg6 29. Nc5+ Bxc5 30. dxc5 Nc3 31. Qd3 Ne4 32. c6+ Ke7 33. Qa6 Qa8 34. Qb6 Rc8 35. c7 Kd7 36. Nd3 Qc6 37. Qxa5 Nc2 38. Bg1 d4 39. Kh2 Nd2 40. Rc1 Nf3+ 41. Kh3 Nxg1+ 42. Rxg1 Ne3 43. Nc5+ Ke7 44. Qxb4 Qf3 45. Ne4+ Kf7 46. Nf6 Nd5 47. Qxd4 Rxc7 48. Ng4 h5 49. Nh2 Qe2 50. Rg2 Qe1 51. Qd2 Qe4 52. Re2 Qf5+ 53. Kg2 Rc3 54. Nf3 Qg4 55. Rf2 h4 56. Ng5+ Kg7 57. Ne4 Rc2 58. Qxc2 Ne3+ 59. Kg1 Nxc2 60. Rxc2 Qd1+ 0-1

[Event "Isle of Wight International"]
[Site "Ryde"]
[Date "2025.02.23"]
[Round "9.14"]
[White "Tomaszewski, Kacper"]
[Black "Khoury, Theo"]
[Result "1-0"]
[WhiteElo "2348"]
[BlackElo "2124"]
[PlyCount "93"]
[EventDate "2025.02.18"]
[EventType "swiss"]
[EventRounds "9"]
[EventCountry "ENG"]
[SourceTitle "BritBase"]
[Source "John Saunders"]
[SourceDate "2025.02.21"]
[SourceVersion "1"]
[SourceVersionDate "2025.02.21"]
[SourceQuality "1"]

1. c4 e6 2. Nc3 d5 3. d4 Nf6 4. Bg5 Be7 5. e3 O-O 6. Qc2 h6 7. Bh4 Nbd7 8. Rd1 c6 9. Nf3 b6 10. cxd5 exd5 11. Bd3 Re8 12. O-O Ne4 13. Bg3 Nxg3 14. hxg3 Bd6 15. e4 dxe4 16. Nxe4 Qc7 17. Nh4 Nf8 18. Rc1 Bd7 19. Rfd1 Bg4 20. Re1 c5 21. dxc5 bxc5 22. Nxd6 Rxe1+ 23. Rxe1 Qxd6 24. Bf5 Bxf5 25. Nxf5 Qf6 26. Qxc5 Ne6 27. Qe5 Qxe5 28. Rxe5 Rd8 29. Rd5 Rb8 30. b3 Rb7 31. Kf1 Rc7 32. Ne3 Kf8 33. Ke2 Ke7 34. Kd2 Nc5 35. Rd4 Ke6 36. f3 f5 37. Nc4 Rc6 38. b4 Nd7 39. Rxd7 Rxc4 40. Rxg7 Rxb4 41. Rxa7 Rb2+ 42. Ke3 Rxg2 43. Kf4 Kf6 44. a4 Rg1 45. Ra5 Ra1 46. Ra6+ Kg7 47. Kxf5 1-0

[Event "Isle of Wight International"]
[Site "Ryde"]
[Date "2025.02.23"]
[Round "9.15"]
[White "Houska, Jovanka"]
[Black "Fellowes, Billy"]
[Result "1/2-1/2"]
[WhiteElo "2344"]
[BlackElo "2066"]
[PlyCount "61"]
[EventDate "2025.02.18"]
[EventType "swiss"]
[EventRounds "9"]
[EventCountry "ENG"]
[SourceTitle "BritBase"]
[Source "John Saunders"]
[SourceDate "2025.02.21"]
[SourceVersion "1"]
[SourceVersionDate "2025.02.21"]
[SourceQuality "1"]

1. d4 Nf6 2. Nf3 g6 3. Bg5 Bg7 4. Nbd2 d5 5. e3 O-O 6. Be2 Nbd7 7. b4 a5 8. b5 a4 9. O-O c5 10. bxc6 bxc6 11. c4 Qa5 12. cxd5 cxd5 13. Rb1 Ba6 14. Ne5 Nxe5 15. dxe5 Ne4 16. Nxe4 dxe4 17. Bxa6 Qxa6 18. Bxe7 Rfe8 19. Qd6 Qa7 20. Bf6 Re6 21. Qd5 Bxf6 22. exf6 Rae8 23. Rb4 Rxf6 24. Rxe4 Rxe4 25. Qxe4 Qa5 26. Rd1 Rd6 27. Rc1 Qd2 28. Rc8+ Kg7 29. g4 Qxa2 30. Qe5+ Rf6 31. f4 1/2-1/2

[Event "Isle of Wight International"]
[Site "Ryde"]
[Date "2025.02.23"]
[Round "9.16"]
[White "Zheng, Harry Z"]
[Black "Fischer, Daniel"]
[Result "1/2-1/2"]
[WhiteElo "2198"]
[BlackElo "2341"]
[PlyCount "172"]
[EventDate "2025.02.18"]
[EventType "swiss"]
[EventRounds "9"]
[EventCountry "ENG"]
[SourceTitle "BritBase"]
[Source "John Saunders"]
[SourceDate "2025.02.21"]
[SourceVersion "1"]
[SourceVersionDate "2025.02.21"]
[SourceQuality "1"]

1. e4 c5 2. Nf3 e6 3. d4 cxd4 4. Nxd4 Nc6 5. Bf4 d6 6. Nxc6 bxc6 7. c4 e5 8. Be3 Nf6 9. Nc3 Be7 10. Be2 O-O 11. O-O Be6 12. Qa4 Qc7 13. Rac1 Qb7 14. Rb1 a5 15. Qc2 Rab8 16. Na4 Rfe8 17. Bd3 h6 18. b3 Ra8 19. h3 d5 20. Nc5 Bxc5 21. Bxc5 Qd7 22. Rbd1 Qc7 23. Ba3 d4 24. c5 Nd7 25. Bc4 Nf8 26. f4 exf4 27. Rxd4 Qe5 28. Rd6 Rac8 29. Ba6 Rc7 30. Bb2 Qg5 31. Qc3 Nd7 32. Rc1 Nf6 33. Qe5 Nd7 34. Qc3 Nf6 35. Qe5 Nd7 36. Qxg5 hxg5 37. Bd3 Rb8 38. Bc3 Ra8 39. Bd4 a4 40. Bc4 Bxc4 41. Rxc4 axb3 42. axb3 Ra3 43. Rb4 Kf8 44. e5 Ke7 45. Kf2 Ra2+ 46. Kf3 Rc2 47. Rc4 Rxc4 48. bxc4 Nf8 49. Bf2 Ne6 50. Kg4 Rc8 51. h4 gxh4 52. Bxh4+ Ke8 53. Bg5 Nxc5 54. Bxf4 Ne6 55. Be3 Ke7 56. c5 Ke8 57. Kf5 Ke7 58. g4 Rc7 59. Bf2 Rc8 60. Bh4+ Ke8 61. Bf2 Ke7 62. Ke4 Rc7 63. Kd3 Rd7 64. Kc4 Rxd6 65. exd6+ Kd7 66. Bd4 f6 67. Kd3 Nf8 68. Ke4 Ke6 69. Be3 Nd7 70. Bd4 g6 71. Be3 Ne5 72. g5 f5+ 73. Kd4 Nd7 74. Bf4 Nf8 75. Be3 Kf7 76. Ke5 Nd7+ 77. Kd4 Nf8 78. Ke5 Ne6 79. Bf2 Nf8 80. Bg1 Nd7+ 81. Kd4 Ke6 82. Bh2 Nb8 83. Bf4 Nd7 84. Bh2 Nf8 85. Bg1 Kf7 86. Ke5 Nd7+ 1/2-1/2

[Event "Isle of Wight International"]
[Site "Ryde"]
[Date "2025.02.23"]
[Round "9.18"]
[White "Dorrance, Adam"]
[Black "Schell, Finn"]
[Result "1-0"]
[WhiteElo "2284"]
[BlackElo "1887"]
[PlyCount "71"]
[EventDate "2025.02.18"]
[EventType "swiss"]
[EventRounds "9"]
[EventCountry "ENG"]
[SourceTitle "BritBase"]
[Source "John Saunders"]
[SourceDate "2025.02.21"]
[SourceVersion "1"]
[SourceVersionDate "2025.02.21"]
[SourceQuality "1"]

1. e4 c6 2. d4 d5 3. Nc3 dxe4 4. Nxe4 Nf6 5. Nxf6+ exf6 6. c3 Bd6 7. Bd3 O-O 8. Qc2 Re8+ 9. Ne2 h5 10. O-O h4 11. Nf4 Nd7 12. Qd1 g6 13. Nxg6 fxg6 14. Bxg6 Re7 15. Qh5 Qc7 16. Qxh4 Rg7 17. Bc2 Nf8 18. Bh6 Be6 19. Bxg7 Qxg7 20. Bb3 Qh7 21. Qxh7+ Kxh7 22. Bxe6 Nxe6 23. Rae1 Nc7 24. f4 Kg7 25. g3 f5 26. Kg2 Ne8 27. Kf3 Nf6 28. h3 Rh8 29. Rh1 Kf7 30. c4 b6 31. Re2 Ne4 32. Rxe4 fxe4+ 33. Kxe4 Kf6 34. h4 Re8+ 35. Kf3 Bb4 36. h5 1-0

[Event "Isle of Wight International"]
[Site "Ryde"]
[Date "2025.02.23"]
[Round "9.19"]
[White "Dignam, Matthew P"]
[Black "Fava, Lorenzo"]
[Result "0-1"]
[WhiteElo "2138"]
[BlackElo "2269"]
[PlyCount "86"]
[EventDate "2025.02.18"]
[EventType "swiss"]
[EventRounds "9"]
[EventCountry "ENG"]
[SourceTitle "BritBase"]
[Source "John Saunders"]
[SourceDate "2025.02.21"]
[SourceVersion "1"]
[SourceVersionDate "2025.02.21"]
[SourceQuality "1"]

1. e4 g6 2. d4 Bg7 3. Nf3 d6 4. Be2 Nf6 5. Nc3 O-O 6. O-O a6 7. a4 Nc6 8. d5 Nb4 9. Be3 e6 10. h3 exd5 11. exd5 b6 12. Qd2 Bb7 13. Bc4 b5 14. Bb3 bxa4 15. Rxa4 a5 16. Bh6 c5 17. dxc6 Bxc6 18. Bxg7 Kxg7 19. Ra3 Bxf3 20. gxf3 Re8 21. Rd1 Qd7 22. Ba4 Qxh3 23. Bxe8 Rxe8 24. Ne4 Nxe4 25. fxe4 Qh5 26. Qd4+ Re5 27. Rd2 Nc6 28. Qxd6 Rxe4 29. Re3 Ra4 30. Ra3 Rh4 31. Rd5 Qe2 32. Re3 Rg4+ 33. Rg3 Qe1+ 34. Kg2 Qe4+ 35. Kg1 Rh4 36. Kf1 Qxc2 37. Rc3 Qb1+ 38. Rd1 Rh1+ 39. Ke2 Qxb2+ 40. Qd2 Nd4+ 41. Kd3 Rh3+ 42. Kxd4 Qb4+ 43. Kd5 Qxc3 0-1

[Event "Isle of Wight International"]
[Site "Ryde"]
[Date "2025.02.23"]
[Round "9.20"]
[White "Brewer, Callum D"]
[Black "Arkell, Keith C"]
[Result "1/2-1/2"]
[WhiteElo "2122"]
[BlackElo "2329"]
[PlyCount "105"]
[EventDate "2025.02.18"]
[EventType "swiss"]
[EventRounds "9"]
[EventCountry "ENG"]
[SourceTitle "BritBase"]
[Source "John Saunders"]
[SourceDate "2025.02.21"]
[SourceVersion "1"]
[SourceVersionDate "2025.02.21"]
[SourceQuality "1"]

1. e4 d5 2. exd5 Qxd5 3. Nc3 Qd8 4. d4 Nf6 5. Nf3 Bg4 6. h3 Bxf3 7. Qxf3 c6 8. Be3 e6 9. a3 Nbd7 10. O-O-O Nb6 11. Kb1 Nbd5 12. Bc1 Nxc3+ 13. Qxc3 Bd6 14. g3 Nd5 15. Qd3 b5 16. c4 bxc4 17. Qxc4 Qb6 18. Rd3 Rb8 19. h4 O-O 20. Bg2 Rfc8 21. Rhd1 Qb5 22. Qxb5 Rxb5 23. R1d2 Kf8 24. Rc2 Ke8 25. Ka2 Kd7 26. Rf3 f5 27. Bf1 Rb6 28. b4 Be7 29. Bc4 g6 30. Bxd5 exd5 31. Re2 Rf8 32. Bf4 Bf6 33. Rfe3 Rf7 34. Be5 Bxe5 35. Rxe5 Rb8 36. f4 a5 37. Kb3 axb4 38. axb4 Ra8 39. R2e3 Ra1 40. Re1 Rxe1 41. Rxe1 Rf8 42. Re2 Ra8 43. Re1 Ra7 44. h5 gxh5 45. Re5 Kd6 46. Rxf5 Rg7 47. Rxh5 Rxg3+ 48. Kc2 Rf3 49. Rxh7 Rxf4 50. Kc3 Rf3+ 51. Kc2 Rg3 52. Rf7 Ke6 53. Rc7 1/2-1/2

[Event "Isle of Wight International"]
[Site "Ryde"]
[Date "2025.02.23"]
[Round "9.21"]
[White "Elgar, Tim"]
[Black "Dickenson, Neil F"]
[Result "1/2-1/2"]
[WhiteElo "2104"]
[BlackElo "2283"]
[PlyCount "72"]
[EventDate "2025.02.18"]
[EventType "swiss"]
[EventRounds "9"]
[EventCountry "ENG"]
[SourceTitle "BritBase"]
[Source "John Saunders"]
[SourceDate "2025.02.21"]
[SourceVersion "1"]
[SourceVersionDate "2025.02.21"]
[SourceQuality "1"]

1. d4 d5 2. c4 dxc4 3. Nf3 Nf6 4. e3 Bg4 5. Bxc4 e6 6. h3 Bh5 7. O-O Nc6 8. Be2 Bd6 9. Nbd2 O-O 10. Nc4 Re8 11. b3 Nd5 12. Bb2 f5 13. Rc1 Qf6 14. a3 Nce7 15. Nce5 Rad8 16. Qc2 Rf8 17. Nd3 Qh6 18. Nfe5 Bxe5 19. Nxe5 Bxe2 20. Qxe2 Ng6 21. Nf3 Rf6 22. Kh2 c6 23. Rc2 Nh4 24. Nxh4 Qxh4 25. g3 Qh6 26. Bc1 Qg6 27. b4 a6 28. a4 Rf7 29. b5 axb5 30. axb5 cxb5 31. Rb2 b4 32. Bd2 Qf6 33. Bxb4 e5 34. dxe5 Qxe5 35. Rd1 Re8 36. Qd2 Nf6 1/2-1/2